00676nam a2200241 a 4500001001300000003000900013005001700022008004100039020001000080082001600090100001900106245003300125260003300158300000900191500003500200505001500235650001900250700001900269902000800288942000700296952011600303999001500419nice12345678IN_TiNIC20260116011400.0050524s1908 beia grp 000 0 ara  ac10000a492.75bYUS aYusuf, Aftimus aTaiyab-Al Arf-Fi-Fan Al Sarf aBeirutbMatbatul Ameerc1908 a379p aincludes index and biblioraphy2 aVocabulary aArabic-Grammar1 aYusuf, Aftimus bSRS cBK 001040708StackRoom-aHMIbHMId2008-02-12g100.00l0o492.75 YUSp00338r2008-02-12v100.00w2005-05-24yBK c1034d1034